Aspectos psicológicos y psiquiátricos del sida / (Registro nro. 477)

Detalles MARC
000 -LEADER
fixed length control field 00816 am a2200253 a 4500
005 - FECHA ULTIMA MODIFICACION
control field 20240228095257.0
008 - CAMPO DE CONTROL (LIBRO)
fixed length control field 100705s1996||||ag # f |||| 000 0 spa d
020 ## - INTERNATIONAL STANDARD BOOK NUMBER
ISBN S/N
041 ## - CODIGO DE IDIOMA
Código de idioma del texto/pista de sonido o título separado spa
092 ## - SIGNATURA TOPOGRAFICA DEWEY LOCAL
número de clasificación 616.9792
libristica 26
sección FRE
100 1# - ENTRADA PRINCIPAL--NOMBRE PERSONAL
Nombre personal Freedman, Margarita.
9 (RLIN) 266
245 ## - TITULO PROPIAMENTE DICHO
Título Aspectos psicológicos y psiquiátricos del sida /
Mención de responsabilidad y remanente de la transcripción de la portada Margarita Freedman
250 ## - MENCION DE EDICION
Mención de edición 1a ed.
260 ## - PIE DE IMPRENTA
Lugar de publicación, distribución, etc Buenos Aires:
Nombre de la editorial, distribuidor, etc S/N;
Fecha de publicación 1996.
300 ## - DESCRIPCION FISICA
Extension 85 p.
500 ## - NOTA GENERAL
Nota general Freedman, M. y García Novarini, R. (1996). Aspectos psicológicos y psiquiátricos del sida. (1a ed.). Buenos Aires : S/N.
590 ## - NOTAS LOCALES (RLIN)
Nota local Donación Cecilia Fontana, 2007
653 ## - TÉRMINO INDIZADO - PALABRAS CLAVES
Palabra clave Metáforas del SIDA
653 ## - TÉRMINO INDIZADO - PALABRAS CLAVES
Palabra clave Sexualidad y SIDA
653 ## - TÉRMINO INDIZADO - PALABRAS CLAVES
Palabra clave Consejo (counselling)
700 1# - ENTRADAS SECUNDARIAS - NOMBRE PERSONAL
Nombre personal García Novarini, Roberto.
9 (RLIN) 267
930 ## - NUMERO DE INVENTARIO
Número de inventario 1830
942 ## - ADDED ENTRY ELEMENTS (KOHA)
Source of classification or shelving scheme Dewey Decimal Classification
Item type Libros
Existencias
Estado de retiro Existencia Fuente de clasificación Estado general No para prestamo Ubicación permanente ubicación actual Sala de ubicación Fecha de adquisición Total Checkouts Número de clasificación Código de barras Date last seen Número de ejemplar Price effective from Koha tipo de elemento (item) Public note Coded location qualifier
    Dewey Decimal Classification     Biblioteca Medicina Biblioteca Medicina Circulación 13/05/2011   616.9792 26 FRE 1830 06/11/2014 ej.1 13/05/2011 Libros Hemeroteca 2022  

UNIVERSIDAD NACIONAL DEL COMAHUE
Biblioteca de la Facultad de Ciencias Médicas
Sede Toschi: Los Arrayanes y Av. Toschi, Cipolletti  - Rio Negro
Sede Los Tordos:  Yrigoyen al 2211, Cipolletti - Rio Negro 

Teléfono: 0299 - 4774707 int 25
Contacto: biblioteca@facimed.uncoma.edu.ar
© 2011 - 2026